LEADER 01364nam 2200361 n 450 001 996394636403316 005 20200824121748.0 035 $a(CKB)4940000000123060 035 $a(EEBO)2248545083 035 $a(UnM)ocm99890518e 035 $a(UnM)99890518 035 $a(EXLCZ)994940000000123060 100 $a19880824d1700 uy 101 0 $aeng 135 $aurbn||||a|bb| 200 10$aBishop Cozens's argument, proving, that adultery works a dissolution of the marriage$b[electronic resource] $eBeing the substance of several of Bishop Cozens his speeches in the House of Lords, upon the debate of Lord Ross's case. Taken from original papers writ in the Bishop's own hand 210 $a[London $cs.n.$d1700] 215 $a4 p 300 $aCaption title. 300 $aImprint suggested by Wing. 300 $aReproduction of original in the British Library. 330 $aeebo-0018 606 $aAdultery$zEngland$vEarly works to 1800 606 $aImpediments to marriage$zEngland$vEarly works to 1800 615 0$aAdultery 615 0$aImpediments to marriage 700 $aCosin$b John$f1594-1672.$01004126 801 0$bCu-RivES 801 1$bCu-RivES 906 $aBOOK 912 $a996394636403316 996 $aBishop Cozens's argument, proving, that adultery works a dissolution of the marriage$92381906 997 $aUNISA